| 000 | 00813nam a2200229 a 4500 | ||
|---|---|---|---|
| 001 | 00001213 | ||
| 008 | 110328s1994 ja a g 000 0 eng d | ||
| 040 |
_aBD-DhIUB _cBD-DhIUB |
||
| 082 | 0 | 4 |
_a304.66 _219 |
| 245 | 0 | 0 |
_aA Grassroots movement to improve the quality of life : _bintegrating family planning with health care and community development activities : _b10-year experience of the integrated project in China 1983-1993 |
| 250 | _a1st ed. | ||
| 260 |
_aTokyo : _bJOICFP, _c1994. |
||
| 300 |
_a118 p. : _bill. ; _c21 cm. |
||
| 490 | 1 |
_aJOICFP documentary series ; _v19. |
|
| 520 | 0 | _aHealth and Population | |
| 556 | _a1994-10-09 | ||
| 650 | 1 | 7 |
_aFamily planning _2Spines |
| 650 | 1 | 7 |
_aHealth _2Spines |
| 830 | 0 |
_aJOICFP documentary series; _v19. |
|
| 999 |
_c11081 _d11081 |
||
| 526 | _bph | ||